Optimal control: an introduction to the theory and its applications
Na minha lista:
| Main Authors: | , |
|---|---|
| Formato: | Livro |
| Idioma: | inglês |
| Publicado em: |
Nueva York
McGraw-Hill
1966
|
| Colecção: | Lincoln Laboratory Publications
|
| Assuntos: | |
| Tags: |
Adicionar Tag
Sem tags, seja o primeiro a adicionar uma tag!
|
MARC
| LEADER | 00000nam a2200000 a 4500 | ||
|---|---|---|---|
| 001 | UCV4222 | ||
| 003 | CL-VaPUC | ||
| 008 | 900912e19660000US |||||||||||||||||eng|d | ||
| 082 | 0 | 4 | |a 629.831 |b ATH |2 21 |
| 100 | 0 | |a Athans, Michael |e author |9 298532 | |
| 700 | 0 | |a Falb, Peter L |e author |9 298533 | |
| 245 | 1 | 0 | |a Optimal control: an introduction to the theory and its applications |
| 300 | |a 879 p | ||
| 942 | |c BK | ||
| 945 | |d 19900912 00:00:00 | ||
| 260 | |a Nueva York |b McGraw-Hill |c 1966 | ||
| 650 | 0 | |a Teoría del control |9 260349 | |
| 583 | |a last modification |c 19900912 00:00:00 |k Rodrigo Vera | ||
| 490 | 0 | |a Lincoln Laboratory Publications | |
| 999 | |c 211164 |d 211162 | ||
| 952 | |0 0 |1 0 |4 0 |6 629_831000000000000_ATH_1966 |7 0 |8 A |9 189356 |a BIBING |b BIBING |d 2019-11-14 |i 2570432 |o 629.831 ATH 1966 |p 2570432 |r 2025-01-20 |w 2019-11-14 |y BK |k ING | ||
| 952 | |0 0 |1 0 |4 0 |6 629_831000000000000_ATH_1966 |7 0 |8 A |9 189357 |a BIBING |b BIBING |d 2019-11-14 |i 1688626 |o 629.831 ATH 1966 |p 1688626 |r 2025-01-20 |w 2019-11-14 |y BK |k EIE | ||